| 000 | 01320nam0a22003011 4500 | ||
|---|---|---|---|
| 001 | rc\3823688 | ||
| 005 | 20250530064606.0 | ||
| 021 |
_aRU _b[76-37161] |
||
| 035 | _a(NLR Aleph) 007277694 | ||
| 090 |
_a5476394 _c5476394 |
||
| 100 | _a20120410d1976 |||y0rusy50 ca | ||
| 101 | 0 | _arus | |
| 102 |
_aRU _aRU |
||
| 105 | _aa z ||||| | ||
| 200 | 1 |
_aМорские гидротехнические сооружения свайной конструкции (причальные и оградительные) _eУчеб. пособие _fР.В. Лубенов, Ф.М. Шихиев _gОдес. ин-т инженеров мор. флота |
|
| 210 |
_aМосква _cММФ _d1976 |
||
| 215 |
_a145 с. _cил. _d22 |
||
| 300 | _aВ вып. дан. 2-й авт.: Фуад Масум-оглы Шихиев | ||
| 320 | _aСписок лит.: с. 136-137 (22 назв.) | ||
| 606 |
_aГидротехнические сооружения, морские, свайные _2psbo |
||
| 700 | 1 |
_aЛубенов _bР.В. _gРостислав Витальевич |
|
| 701 | 1 |
_6z01790 _aШихиев _bФ.М. _gФуад Максимович |
|
| 790 | 1 |
_6z01701 _aШихиев _bФ.М. _gФуад Масум-оглы |
|
| 801 | 0 |
_aRU _bNLR _gpsbo |
|
| 801 | 1 |
_aRU _bELAR _2rusmarc |
|
| 852 |
_aNLR _j76-5/3793 |
||
| 942 | _cBOOK | ||
| 980 | _aNB | ||